A estudiar se aprende: metodología de estudio sesión por sesión

Wedi'i Gadw mewn:
Manylion Llyfryddiaeth
Prif Awduron: García-Huidobro Barros, Cecilia (Awdur), Gutiérrez Gutiérrez, María Cristina (Awdur), Condemarín Grimberg, Eliana (Awdur)
Fformat: Llyfr
Iaith:Sbaeneg
Cyhoeddwyd: Santiago Universidad Católica de Chile 2007
Rhifyn:12a. ed
Cyfres:Aprendizaje
Pynciau:
Tagiau: Ychwanegu Tag
Dim Tagiau, Byddwch y cyntaf i dagio'r cofnod hwn!

MARC

LEADER 00000nam a2200000 a 4500
001 UCI7726
003 CL-VaPUC
008 080718e20070000CL |||||||||||||||||spa|d
020 |a 9561404575 
082 0 4 |a 371.302  |b GAR  |2 21 
100 |a García-Huidobro Barros, Cecilia  |e author  |9 486435 
700 0 |a Gutiérrez Gutiérrez, María Cristina  |e author  |9 531018 
700 0 |a Condemarín Grimberg, Eliana  |e author  |9 531019 
245 1 0 |a A estudiar se aprende: metodología de estudio sesión por sesión 
250 |a 12a. ed 
300 |a 171 p 
942 |c BK 
945 |d 20080718 00:00:00  |a jtorresc 
260 |a Santiago  |b Universidad Católica de Chile  |c 2007 
650 0 |a Métodos de estudio  |9 260518 
650 0 |a Aprendizaje   |9 254827 
650 0 |a Memoria  |9 266549 
650 0 |a Comprensión de lectura  |9 307588 
650 0 |a Escritura  |9 264941 
583 |a last modification  |c 20080718 00:00:00  |k Rodrigo Vera 
490 0 |a Aprendizaje 
999 |c 330908  |d 330906 
952 |0 0  |1 0  |4 0  |6 371_302000000000000_GAR_2007  |7 0  |8 A  |9 416835  |a BIBEDU  |b BIBEDU  |d 2019-11-22  |i 4459369  |o 371.302 GAR 2007  |p 4459369  |r 2019-11-22  |w 2019-11-22  |y BK  |k EBA 
952 |0 0  |1 0  |4 0  |6 371_302000000000000_GAR_2007  |7 0  |8 A  |9 416836  |a BIBEDU  |b BIBEDU  |d 2019-11-22  |i 4468716  |o 371.302 GAR 2007  |p 4468716  |r 2019-11-22  |w 2019-11-22  |y BK  |k EBA